Villes par régions administratives du Québec - Abitibi-Témiscamingue - Statistiques

Statistiques générales
  • Ce quiz a été pris 16 fois
  • Le résultat moyen est 16 sur 64
Statistiques - réponses
Réponse % Correct
Amos
100%
Rouyn-Noranda
89%
Val-d'Or
89%
La Sarre
78%
Macamic
78%
Malartic
78%
Senneterre
67%
Senneterre
67%
Duparquet
56%
Authier
44%
Authier-Nord
44%
Normétal
44%
Palmarolle
44%
Sainte-Germaine-Boulé
44%
Témiscaming
44%
Ville-Marie
44%
Barraute
33%
Dupuy
33%
Poularies
33%
Preissac
33%
Rivière-Héva
33%
Belleterre
22%
Chazel
22%
Clerval
22%
Launay
22%
Rapide-Danseur
22%
Rémigny
22%
Roquemaure
22%
Taschereau
22%
Béarn
11%
Belcourt
11%
Berry
11%
Clermont
11%
Duhamel-Ouest
11%
Fugèreville
11%
Gallichan
11%
Guérin
11%
Kipawa
11%
Laforce
11%
La Motte
11%
Landrienne
11%
La Reine
11%
Laverlochère-Angliers
11%
Lorrainville
11%
Moffet
11%
Nédélec
11%
Rochebaucourt
11%
Saint-Bruno-de-Guigues
11%
Saint-Édouard-de-Fabre
11%
Saint-Eugène-de-Guigues
11%
Saint-Félix-de-Dalquier
11%
Saint-Lambert
11%
Saint-Marc-de-Figuery
11%
Saint-Mathieu-d'Harricana
11%
Trécesson
11%
Champneuf
0%
La Corne
0%
La Morandière
0%
Latulipe-et-Gaboury
0%
Notre-Dame-du-Nard
0%
Saint-Dominique-du-Rosaire
0%
Sainte-Gertrude-Manneville
0%
Sainte-Hélène-de-Mancebourg
0%
Val-Saint-Gilles
0%
Aucun quiz correspondant
Distribution des résultats
% des personnes avec chaque résultat
Percentile par nombre de réponses
Votre historique - résultats
Vous n’avez pas pris ce quiz